00457nam a2200109Ia 4500008004100000100003100041245012100072260003300193300001700226650001900243856008500262160712s9999 xx 000 0 und d aYbiernas, Vicente Angel S. cVicente Angel S. YbiernasaMigrant Workers in South Korea: Between Strategic Ambivalence and Systematic Exploitation c2013bSocial Science Diliman avol. 9 no. 1 xSOCIAL SCIENCE uhttp://journals.upd.edu.ph/index.php/socialsciencediliman/issue/view/388/showToc